000 00815cam a22002777a 4500
003 CHAP
005 20220329141534.0
008 971013s1963 r 00010 d
010 _a69823
011 _a70795
035 _a80348
040 _cCHAP
082 _a635.93415
_bK7
100 0 0 _aKramer, Jack.
_963850
245 0 _aGrowing orchids at your windows
260 _aPrinceton, N. J. :
_bVan Nostrand,
_c1963
300 _a151 p.
_b: ilus.
590 _aBATCH-UPD
_b10
_c20130110
_lUCH01
_h1218
590 _aBATCH-UPD
_b10
_c20130410
_lUCH01
_h0754
590 _aBATCH-UPD
_b10
_c20130914
_lUCH01
_h1710
590 _aCONVERSION
_b10
_c20130109
_lUCH01
_h1338
650 1 4 _aOrquidáceas.
_983723
901 _aBK
942 _cLIBRO
949 _a635.93415 K7
_bBC
_cLIBRO
_d33724000972360
_eLIBRO
_h70944
_i80348
_si
999 _c69823
_d69823